000 00395nam a2200145Ia 4500
005 20250729165723.0
008 250729s2010 xx 000 0 und d
041 _aeng
082 _a370.25 SINE
100 _aDr.G.Singaravelu
_9231353
245 _aEducation In the Emerging Indian Society
260 _aNewdelhi
_bNeel Kamal Publication
_c2010
300 _a400p
650 _aEducation
_9231354
999 _c239239
_d239239